UM Logo

Artificial intelligence enhances children's science learning from television shows/ (Record no. 24242)

MARC details
000 -LEADER
fixed length control field 01121nam a22002657a 4500
003 - CONTROL NUMBER IDENTIFIER
control field OSt
005 - DATE AND TIME OF LATEST TRANSACTION
control field 20260115175818.0
008 - FIXED-LENGTH DATA ELEMENTS--GENERAL INFORMATION
fixed length control field 260115b |||||||| |||| 00| 0 eng d
040 ## - CATALOGING SOURCE
Transcribing agency 0
082 ## - DEWEY DECIMAL CLASSIFICATION NUMBER
Classification number DPer 370.15 J826 October-November 2024 v. 116 n. 3-8
100 ## - MAIN ENTRY--PERSONAL NAME
Personal name Xu, Ying
Relator term author.
9 (RLIN) 69450
245 ## - TITLE STATEMENT
Title Artificial intelligence enhances children's science learning from television shows/
Statement of responsibility, etc. Ying Xu, Kunlei He, Julian Levine, Daniel Ritchie, Zexuan Pan, Andres Bustamante, and Mark Warschauer.
260 ## - PUBLICATION, DISTRIBUTION, ETC. (IMPRINT)
Place of publication, distribution, etc. Washington, DC ;
Name of publisher, distributor, etc. American Psychological Association ,
Date of publication, distribution, etc. October 2024.
300 ## - PHYSICAL DESCRIPTION
Extent Volume 116, pages 1071-1092 :
Other physical details illustration ;
Dimensions 28 cm.
500 ## - GENERAL NOTE
General note Journal of Educational Psychology, vol. 116, no. 7-8, pages 1071-1092, October-November 2024.
700 ## - ADDED ENTRY--PERSONAL NAME
Personal name Xu, Ying
Relator term author.
9 (RLIN) 69450
700 ## - ADDED ENTRY--PERSONAL NAME
Personal name He, Kunlei
Relator term author.
9 (RLIN) 69452
700 ## - ADDED ENTRY--PERSONAL NAME
Personal name Levine, Julian
Relator term author.
9 (RLIN) 69453
700 ## - ADDED ENTRY--PERSONAL NAME
Personal name Ritchie, Daniel
Relator term author.
9 (RLIN) 69454
700 ## - ADDED ENTRY--PERSONAL NAME
Personal name Pan, Zexuan
Relator term author.
9 (RLIN) 69455
700 ## - ADDED ENTRY--PERSONAL NAME
Personal name Bustamante, Andres
Relator term author.
9 (RLIN) 69456
700 ## - ADDED ENTRY--PERSONAL NAME
Personal name Warschauer, Mark
Relator term author.
9 (RLIN) 69457
710 ## - ADDED ENTRY--CORPORATE NAME
9 (RLIN) 69451
942 ## - ADDED ENTRY ELEMENTS (KOHA)
Source of classification or shelving scheme Dewey Decimal Classification
Koha item type Periodicals
Holdings
Withdrawn status Lost status Source of classification or shelving scheme Damaged status Not for loan Collection code Home library Current library Date acquired Total Checkouts Full call number Date last seen Price effective from Koha item type Public note
    Dewey Decimal Classification     Periodicals UM Digos College - LIC UM Digos College - LIC 01/15/2026   DPer 370.15 J826 October-November 2024 v. 116 n. 3-8 01/15/2026 01/15/2026 Periodicals Periodical Article